书目信息 |
| 题名: |
物流信息技术
|
|
| 作者: | 朱长征 主编 | |
| 分册: | ||
| 出版信息: | 北京 清华大学出版社 2014 |
|
| 页数: | 310页 | |
| 开本: | 23cm | |
| 丛书名: | ||
| 单 册: | ||
| 中图分类: | F253.9 | |
| 科图分类: | ||
| 主题词: | 物流--信息技术--教材 , 物流 , 信息技术 | |
| 电子资源: | ||
| ISBN: | 978-7-302-34975-4 | |
| 000 | 00926nam0 2200265 450 | |
| 001 | 524 | |
| 005 | 20140908165037.64 | |
| 010 | @a978-7-302-34975-4@dCNY37.00 | |
| 100 | @a20140319d2014 em y0chiy50 ea | |
| 101 | 0 | @achi |
| 102 | @aCN@b110000 | |
| 105 | @aa z 000yy | |
| 106 | @ar | |
| 200 | 1 | @a物流信息技术@AWu Liu Xin Xi Ji Shu@f朱长征主编@FZhu Chang Zheng Zhu Bian |
| 210 | @a北京@c清华大学出版社@d2014 | |
| 215 | @a310页@c图@d23cm | |
| 300 | @a21世纪应用型精品规划教材·物流管理 | |
| 330 | @a本书内容包括:物流信息技术概述、条码技术、射频识别技术、电子数据交换技术、物流动态跟踪技术、地理信息系统、物流信息系统、企业资源计划、物流公共信息平台、物联网应用技术和电子商务物流技术。 | |
| 606 | 0 | @a物流@x信息技术@j教材 |
| 606 | 0 | @a物流 |
| 606 | 0 | @a信息技术 |
| 690 | @aF253.9@v5 | |
| 701 | 0 | @a朱长征@AZhu Chang Zheng@g(物流)@4主编 |
| 801 | 0 | @aCN@bTANGWEI@c20140603 |
| 905 | @b0838897-99@dF253.9@e202@f3 | |
| 物流信息技术/朱长征主编.-北京:清华大学出版社,2014 |
| 310页:图;23cm |
| 21世纪应用型精品规划教材·物流管理 |
| ISBN 978-7-302-34975-4:CNY37.00 |
| 本书内容包括:物流信息技术概述、条码技术、射频识别技术、电子数据交换技术、物流动态跟踪技术、地理信息系统、物流信息系统、企业资源计划、物流公共信息平台、物联网应用技术和电子商务物流技术。 |
| ● |
| 相关链接 |
|
|
|
|
正题名:物流信息技术
索取号:F253.9/202
 
预约/预借
| 序号 | 登录号 | 条形码 | 馆藏地/架位号 | 状态 | 备注 |
| 1 | 0838897 | 208388975 | 第一样本阅览室/ [索取号:F253.9/202] | 在馆 | |
| 2 | 0838898 | 208388984 | 第一借阅区/ [索取号:F253.9/202] | 在馆 | |
| 3 | 0838899 | 208388993 | 密集书库-海洋学院/ [索取号:F253.9/202] | 在馆 |